|
|
|
|
| LEADER |
01126nam a2200277 i 4500 |
| 003 |
GR-PaULI |
| 005 |
20230208130516.0 |
| 008 |
200702s1970 enk |||g |||| 000 0 eng d |
| 952 |
|
|
|0 0
|1 0
|2 ddc
|4 0
|6 808_100000000000000_MAY
|7 0
|9 241661
|a LISP
|b LISP
|c DON
|d 2020-07-02
|e ΠΑΤ
|i 145688
|l 0
|o 808.1 MAY
|p 025000271933
|r 2020-07-02 00:00:00
|t 1
|v 2020.00
|w 2020-07-02
|y BKN
|
| 999 |
|
|
|c 145816
|d 145816
|
| 020 |
|
|
|a 0224618962
|
| 040 |
|
|
|a GR-PaULI
|b gre
|c GR-PaULI
|e AACR2
|
| 041 |
1 |
|
|a eng
|h rus
|
| 082 |
0 |
4 |
|2 23
|a 808.1
|
| 100 |
1 |
|
|a Mayakovsky, Vladimir,
|d 1893-1930
|e συγγραφέας.
|9 85557
|
| 245 |
1 |
0 |
|a How are verses made? /
|c [By] Vladimir Mayakovsky ; Translated from the Russian by G. M. Hyde.
|
| 260 |
|
|
|a London :
|b J. Cape,
|c [1970].
|
| 300 |
|
|
|a 80 σ. ;
|c 18 εκ.
|
| 490 |
0 |
|
|a Cape editions, 43
|
| 650 |
|
4 |
|a Ποιητική
|9 12667
|
| 650 |
|
4 |
|9 165262
|a Στιχουργική
|
| 650 |
|
4 |
|9 181519
|a Ρωσική γλώσσα
|
| 700 |
|
|
|9 171714
|a Hyde, G. M.
|q (George M.),
|d 1941-
|e μεταφραστής.
|
| 765 |
0 |
8 |
|i Μετάφραση του:
|t Kak delatʹ stikhi
|
| 942 |
|
|
|2 ddc
|c BKN
|
| 998 |
|
|
|c ΒΑΣΙΛΕΙΟΥ
|d 2020-07
|